| 000 | 00723nam a2200229Ia 4500 | ||
|---|---|---|---|
| 001 | 7299 | ||
| 003 | GE_BSU | ||
| 008 | 181216s||||||||xx |||||||||||||| ||und|| | ||
| 040 | _cGE_BSU | ||
| 080 | _a624.15 | ||
| 100 | _aГаничев,Н.А. | ||
| 245 | _aУстройство искусственных оснований и фундаментов. | ||
| 245 | _cРед. С.И.Перглер. | ||
| 250 | _aИзд 2-ое, перераб. и доп. | ||
| 260 | _aМ. | ||
| 260 | _bСтройиздат. | ||
| 260 | _c1973. | ||
| 300 | _a400стр. с илл. 22см. | ||
| 300 | _eтабл. | ||
| 653 | _aУстройство искусственных оснований и фундаментов. | ||
| 942 | _cBK | ||
| 999 |
_c40671 _d40671 |
||